|
|
|
|
| LEADER |
00000nam0a2200000 4500 |
| 001 |
158836 |
| 005 |
20231101222050.0 |
| 010 |
|
|
|a 5020293342
|
| 020 |
|
|
|a RU
|b 90-50634
|
| 035 |
|
|
|a (RuTPU)RU\TPU\book\172265
|
| 090 |
|
|
|a 158836
|
| 100 |
|
|
|a 20090428d1990 k y0rusy5003 ca
|
| 101 |
0 |
|
|a rus
|
| 102 |
|
|
|a RU
|
| 105 |
|
|
|a a z 001zy
|
| 200 |
1 |
|
|a Корректность параллельных вычислительных процессов
|f С. М. Ачасова, О. Л. Бандман
|g Академия наук СССР (АН СССР), Сибирское отделение (СО), Вычислительный центр; под ред. Н. Н. Миренкова
|
| 210 |
|
|
|a Новосибирск
|c Наука
|d 1990
|
| 215 |
|
|
|a 253 с.
|c ил.
|
| 320 |
|
|
|a Библиогр.: с. 246-249.
|
| 320 |
|
|
|a Предм. указ.: с. 250-252.
|
| 606 |
|
|
|a Коды корректирующие
|2 stltpush
|3 (RuTPU)RU\TPU\subj\14632
|9 40995
|
| 606 |
|
|
|a Вычислительные системы
|x Мультипрограммирование
|2 stltpush
|3 (RuTPU)RU\TPU\subj\4289
|9 32576
|
| 610 |
1 |
|
|a мультипрограммирование
|
| 610 |
1 |
|
|a параллельные вычисления
|
| 610 |
1 |
|
|a сети Петри
|
| 610 |
1 |
|
|a свойства
|
| 610 |
1 |
|
|a микропрограммы
|
| 610 |
1 |
|
|a корректность
|
| 610 |
1 |
|
|a анализ
|
| 675 |
|
|
|a 681.3.05
|v 3
|
| 675 |
|
|
|a 681.324.01
|v 3
|
| 700 |
|
1 |
|a Ачасова
|b С. М.
|g Светлана Михайловна
|4 070
|
| 701 |
|
1 |
|a Бандман
|b О. Л.
|g Ольга Леонидовна
|4 070
|
| 702 |
|
1 |
|a Миренков
|b Н. Н.
|4 340
|
| 712 |
0 |
2 |
|a Академия наук СССР (АН СССР)
|b Сибирское отделение (СО)
|b Вычислительный центр
|c (Новосибирск)
|2 stltpush
|3 (RuTPU)RU\TPU\col\11456
|
| 801 |
|
0 |
|a RU
|b RuMRKP
|c 19950417
|g psbo
|
| 801 |
|
1 |
|a RU
|b 63413507
|c 20090428
|g PSBO
|
| 801 |
|
2 |
|a RU
|b 63413507
|c 20180301
|g PSBO
|
| 942 |
|
|
|c BK
|